000 00446nmm a2200157Ia 4500
008 251105s9999||||xx |||||||||||||||||und||
041 _aspa
100 _aMarraud, Huberto
245 0 _aMethodus Argumentandi
264 _a[Madrid, España] :
_bUniversidad Autónoma de Madrid,
_c2007
300 _a260 páginas
490 _aCuadernos de Apoyo
650 _aGrammar
856 _uhttps://public.digitaliapublishing.com/a/19641
942 _cCF
999 _c98944
_d98944